000 00312nam a2200121Ia 4500
005 20251222144636.0
008 251222s9999||||xx |||||||||||||| ||spa||
082 _a571/B53
245 0 _aLas Culturas de América en la Época del Descubrimiento:
250 _a1ra. Ed.
264 _bCultura Hispana
942 _cLIB
999 _c16506
_d16506